History Quiz

Random History or Year Quiz
Score 0/29 Timer 06:00
6 Plays Today
% Correct
Turkey
98.8%
Greece
96.5%
Iraq
95%
Egypt
94.9%
Syria
94%
Israel
93.9%
Saudi Arabia
91.7%
Romania
90.9%
Jordan
90.1%
Serbia
90%
Bulgaria
89.7%
Croatia
89%
Albania
88.6%
North Macedonia
88%
Ukraine
87.8%
% Correct
Hungary
86.2%
Libya
86.1%
Lebanon
85.9%
Russia
84.9%
Tunisia
83.1%
Bosnia and Herzegovina
83%
Montenegro
82.4%
Palestine
82.1%
Kosovo
81.7%
Algeria
81.6%
Yemen
81.3%
Slovakia
80.5%
Moldova
78%
Kuwait
74.3%

You're not logged in!

Compare scores with friends on all Sporcle quizzes.
OR
Log In

Sporcle TV

Today on Sporcle TV


Watch our educational content, quiz creation guides, and fun videos on Sporcle TV.

Show Comments

Extras

Top Quizzes Today


Score Distribution

Paid Content

Your Account Isn't Verified!

In order to create a playlist on Sporcle, you need to verify the email address you used during registration. Go to your Sporcle Settings to finish the process.

Report this User

Report this user for behavior that violates our Community Guidelines.

Details: